the impact assessment of imp training activities on district trainers and farmer trainers (ការអារ​ ipm ទៅលើគ្រូបន្ហាត់ ipm ស្រុក និង​កសិករគ្រូ) (Record no. 467)

000 -LEADER
fixed length control field 00579nam a22001577a 4500
003 - CONTROL NUMBER IDENTIFIER
control field OSt
005 - DATE AND TIME OF LATEST TRANSACTION
control field 20150915100608.0
008 - FIXED-LENGTH DATA ELEMENTS--GENERAL INFORMATION
fixed length control field 150915b xxu||||| |||| 00| 0 eng d
040 ## - CATALOGING SOURCE
Transcribing agency RUA
082 ## - DEWEY DECIMAL CLASSIFICATION NUMBER
Classification number AGR ITH 2002 B027 Or.1
100 ## - MAIN ENTRY--PERSONAL NAME
9 (RLIN) 487
Personal name ITH, REAKSA.
245 ## - TITLE STATEMENT
Title the impact assessment of imp training activities on district trainers and farmer trainers (ការអារ​ ipm ទៅលើគ្រូបន្ហាត់ ipm ស្រុក និង​កសិករគ្រូ)
260 ## - PUBLICATION, DISTRIBUTION, ETC. (IMPRINT)
Place of publication, distribution, etc. Phnom Penh
Name of publisher, distributor, etc. RUA
Date of publication, distribution, etc. 2002
300 ## - PHYSICAL DESCRIPTION
Extent 47p.
Other physical details ill.
Dimensions 29cm.
942 ## - ADDED ENTRY ELEMENTS (KOHA)
Source of classification or shelving scheme
Koha item type AGR
Holdings
Price effective from Date last seen Permanent Location Not for loan Date acquired Source of classification or shelving scheme Koha item type Barcode Lost status Damaged status Shelving location Withdrawn status Current Location Full call number
2015-09-152015-09-15Library Block B 2015-09-15 AGRRUA002903  B027 Library Block BAGR ITH 2002 B027 Or.1
2015-09-152015-09-15Library Block B 2015-09-15 AGRRUA002829  B027 Library Block BAGR ITH 2002 B027 Or.2
2015-09-152015-09-15Library Block B 2015-09-15 AGRRUA002757  B027 Library Block BAGR ITH 2002 B027 Or.3
2015-09-152015-09-15Library Block B 2015-09-15 AGRRUA002759  B027 Library Block BAGR ITH 2002 B027 Or.4
2015-09-152015-09-15Library Block B 2015-09-15 AGRRUA002541  B027 Library Block BAGR ITH 2002 B027 Or.5
2015-09-152015-09-15Library Block B 2015-09-15 AGRRUA002614  B027 Library Block BAGR ITH 2002 B027 Or.6
2015-09-152015-09-15Library Block B 2015-09-15 AGRRUA002542  B027 Library Block BAGR ITH 2002 B027 Or.7
មជ្ឈមណ្ឌលឯការនៃសាកលវិទ្យាល័យភូមិន្ទកសិកម្មចំការដូង

Powered by Koha